|
|
|
|
| LEADER |
00000nam0a2200000 4500 |
| 001 |
118110 |
| 005 |
20231031124031.0 |
| 010 |
|
|
|a 7300048870
|
| 035 |
|
|
|a (RuTPU)RU\TPU\book\127826
|
| 090 |
|
|
|a 118110
|
| 100 |
|
|
|a 20070608d2004 km y0chiy50 ea
|
| 101 |
0 |
|
|a chi
|
| 102 |
|
|
|a CN
|
| 105 |
|
|
|a y z 000zy
|
| 200 |
1 |
|
|a Изучение конституциональной теории и практики времен французской революции 1789-1814 гг.
|f Т. Ши
|
| 210 |
|
|
|a Пекин
|c Китайский народный ун-т
|d 2004
|
| 215 |
|
|
|a 379 с.
|
| 300 |
|
|
|a Книга на китайском языке.
|
| 610 |
1 |
|
|a конституционное право
|
| 610 |
1 |
|
|a конституционализм
|
| 610 |
1 |
|
|a демократические права
|
| 610 |
1 |
|
|a 18 век
|
| 610 |
1 |
|
|a 19 век
|
| 610 |
1 |
|
|a французская революция
|
| 686 |
|
|
|a Ф1(4Фр)
|v LBC/SL-A
|2 rubbk
|
| 700 |
|
1 |
|a Ши
|b Т.
|g Тунбяо
|
| 801 |
|
1 |
|a RU
|b 63413507
|c 20070608
|g PSBO
|
| 801 |
|
2 |
|a RU
|b 63413507
|c 20191118
|g PSBO
|
| 942 |
|
|
|c BK
|